<?xml version="1.0" encoding="UTF-8"?>
<marc:record xmlns:marc="http://www.loc.gov/MARC21/slim">
   <marc:leader>00000nam a2200000 a 4500</marc:leader>
   <marc:datafield ind1="1" ind2=" " tag="100">
      <marc:subfield code="a">Shulman, Polly</marc:subfield>
      <marc:subfield code="4">aut</marc:subfield>
      <marc:subfield code="e">Verfasser/-in</marc:subfield>
   </marc:datafield>
   <marc:datafield ind1="1" ind2=" " tag="100">
      <marc:subfield code="a">Evers, Momo</marc:subfield>
      <marc:subfield code="4">trl</marc:subfield>
      <marc:subfield code="e">Übersetzer/-in</marc:subfield>
   </marc:datafield>
   <marc:datafield ind1="1" ind2=" " tag="100">
      <marc:subfield code="a">Shulman, Polly</marc:subfield>
   </marc:datafield>
   <marc:datafield ind1=" " ind2=" " tag="653">
      <marc:subfield code="a">Softcover / Kinder- und Jugendbücher/Jugendbücher ab 12 Jahre</marc:subfield>
   </marc:datafield>
   <marc:datafield ind1="0" ind2="0" tag="245">
      <marc:subfield code="a">Die geheime Sammlung</marc:subfield>
   </marc:datafield>
   <marc:datafield ind1="0" ind2="0" tag="245">
      <marc:subfield code="b">Roman</marc:subfield>
   </marc:datafield>
   <marc:datafield ind1="0" ind2="0" tag="245">
      <marc:subfield code="c">Polly Shulman. Aus dem Amerikan. von Momo Evers und Falk Behr</marc:subfield>
   </marc:datafield>
   <marc:datafield ind1=" " ind2="1" tag="264">
      <marc:subfield code="a">München</marc:subfield>
      <marc:subfield code="b">PAN</marc:subfield>
      <marc:subfield code="c">2010</marc:subfield>
   </marc:datafield>
   <marc:datafield ind1=" " ind2=" " tag="250">
      <marc:subfield code="a">Dt. Erstausg.</marc:subfield>
   </marc:datafield>
   <marc:datafield ind1="1" ind2=" " tag="520">
      <marc:subfield code="a">Angaben aus der Verlagsmeldung

Die geheime Sammlung : Roman / von Polly Shulman

Elizabeth ist 15 Jahre alt – und wenn sie es sich aussuchen dürfte, hätte sie gerne ein anderes Leben: Ihres ist nicht nur langweilig, sondern auch ein bisschen einsam, da sie in ihrer Schule noch keine Freunde gefunden hat. Doch dann ändert sich alles. Elizabeth bekommt einen Aushilfsjob im kuriosen New Yorker Repositorium der verleihbaren Schätze, in dem man Kunst und Krempel, Wertvolles und Verrücktes ausleihen kann. Hier lernt Elizabeth Gleichaltrige kennen, die sie verstehen. Hier verliebt sie sich zum ersten Mal. Und hier wartet ein ganz besonderes Abenteuer auf sie: Im Keller gibt es eine geheime Sammlung magischer Schätze – darunter die Siebenmeilenstiefel, gleich zwei Tischlein-deck-dichs und der übellaunige Spiegel von Schneewittchens Stiefmutter. Sie beweisen, dass die Märchen der Gebrüder Grimm alles andere sind als erfundene Geschichten. Doch nun hat jemand begonnen, ihren Zauber zu stehlen, und nur Elizabeth und ihre Freunde können dies noch aufhalten …
</marc:subfield>
   </marc:datafield>
   <marc:datafield ind1=" " ind2=" " tag="020">
      <marc:subfield code="a">9783426283318</marc:subfield>
      <marc:subfield code="9">9783426283318</marc:subfield>
   </marc:datafield>
   <marc:datafield ind1=" " ind2=" " tag="041">
      <marc:subfield code="a">ger</marc:subfield>
   </marc:datafield>
   <marc:datafield ind1=" " ind2=" " tag="300">
      <marc:subfield code="a">344 S.</marc:subfield>
   </marc:datafield>
</marc:record>
